000 00652nam a2200217 a 4500
001 BRCA_3599
005 20190320204340.0
008 240809s1961----sp-a---###---#000-0#spa-#
041 _aspa
044 _asp
050 4 _aN8790
_b.A75 1961
100 1 _aArnau, Frank
_97761
245 1 0 _aEl arte de falsificar el arte
_btres mil años de fraude en el comercio de antigüedades
_cFrank Arnau ; tr. de Juan Gudo Costa.
260 _aBarcelona, España
_bNoguer
_c1961
300 _a416 p.
_bil
_c23 cm.
500 _aB289
650 1 4 _aFalsificación de obras de arte
_97762
700 1 _aGudo Costa, Juan
_etr
_99345
902 _aGFM
942 _2lcc
_cB
999 _c3334
_d3334